000 00734nam a2200229Ia 4500
003 GCL
008 140319s9999 xx 000 0 ara d
040 _aGCL /
_cGCL
082 0 4 _a615.8
_bج ع
100 1 _aجوتليب، بيل
245 1 0 _aالعلاجات البديلة /
_cجوتليب، بيل
260 _aبيروت :
_bالدار العربية للعلوم ،
_c2004
300 _a809 ص ؛
_c24 سم
650 0 4 _aالعلاج النباتى
650 0 4 _aالتدليك
650 0 4 _aالعلاج الطبيعى
650 0 4 _aالطب المنزلى
650 0 4 _aالعلاج بالاشعة
650 0 4 _aالعلاج بالاسترخاء
650 0 4 _aالعلاج بالموسيقى
942 _2ddc
_cBK
999 _c56781
_d56781